01148nam0a22002651 4500001001000000005001700010035002600027100004100053101000800094102000700102105001800109200017900127210005200306215002800358327012100386464004400507464005200551464005200603464005200655464004800707702006900755801001800824801002200842852001800864rc\44509220250621085843.0 a(NLR Aleph) 005690592 a20030616d1988 |||y0rusy50 ca0 arus aRU aa |||||||||1 aСказки армянских писателейe[СборникeПер. с арм.fСост. и предисл. С. ГуллакянgХудож. В.Ц. Топчян] aЕреванcСоветакан грохd1988 a350, [1] с.cил.d211 aСодерж.: Авт.: Г. Агаян, О. Туманян, А. Исаакян, В. Папазян, С. Зорьян 01700#1$aАгаян$bГ.aАгаян, Г. 01700#1$aТуманян$bО.aТуманян, О. 01700#1$aИсаакян$bА.aИсаакян, А. 01700#1$aПапазян$bВ.aПапазян, В. 01700#1$aЗорьян$bС.aЗорьян, С. 1aГуллакянbС.А.gСюзанна Арменовна4220 0aRUbNLRgpsbo 1aRUbELAR2rusmarc aNLRj89-3/464